Family violence and police utilization

Gespeichert in:  
Bibliographische Detailangaben
VerfasserInnen: Hutchison, Ira W. (Verfasst von) ; Pesackis, Carolyn E. (Verfasst von) ; Hirschel, Joseph David (Verfasst von)
Medienart: Elektronisch Aufsatz
Sprache:Englisch
Veröffentlicht: 1994
In: Violence and victims
Jahr: 1994, Band: 9, Heft: 4, Seiten: 299-313
Online-Zugang: Volltext (lizenzpflichtig)
Verfügbarkeit prüfen: HBZ Gateway

MARC

LEADER 00000caa a22000002c 4500
001 1912555948
003 DE-627
005 20250126055006.0
007 cr uuu---uuuuu
008 241217s1994 xx |||||o 00| ||eng c
035 |a (DE-627)1912555948 
035 |a (DE-599)KXP1912555948 
040 |a DE-627  |b ger  |c DE-627  |e rda 
041 |a eng 
084 |a 2,1  |2 ssgn 
100 1 |a Hutchison, Ira W.  |e VerfasserIn  |4 aut 
245 1 0 |a Family violence and police utilization 
264 1 |c 1994 
336 |a Text  |b txt  |2 rdacontent 
337 |a Computermedien  |b c  |2 rdamedia 
338 |a Online-Ressource  |b cr  |2 rdacarrier 
700 1 |a Pesackis, Carolyn E.  |e VerfasserIn  |4 aut 
700 1 |a Hirschel, Joseph David  |e VerfasserIn  |0 (DE-588)1055787151  |0 (DE-627)79383046X  |0 (DE-576)411202359  |4 aut 
773 0 8 |i Enthalten in  |t Violence and victims  |d New York, NY : Bernhard Springer Publ. Company, 1986  |g 9(1994), 4, Seite 299-313  |h Online-Ressource  |w (DE-627)481905855  |w (DE-600)2180581-7  |w (DE-576)272350435  |x 1945-7073  |7 nnas 
773 1 8 |g volume:9  |g year:1994  |g number:4  |g pages:299-313 
787 0 8 |i Forschungsdaten  |a Hirschel, J. David  |t Charlotte (North Carolina) Spouse Assault Replication Project, 1987-1989  |d [Erscheinungsort nicht ermittelbar] : [Verlag nicht ermittelbar], 1993  |w (DE-627)1840058765 
856 4 0 |u https://www.ncjrs.gov/App/Publications/abstract.aspx?ID=156725  |x Verlag  |z lizenzpflichtig  |3 Volltext  |7 1 
935 |a mkri 
951 |a AR 
ELC |a 1 
LOK |0 000 xxxxxcx a22 zn 4500 
LOK |0 001 4637521440 
LOK |0 003 DE-627 
LOK |0 004 1912555948 
LOK |0 005 20241217044456 
LOK |0 008 241217||||||||||||||||ger||||||| 
LOK |0 035   |a (DE-2619)ICPSR45532 
LOK |0 040   |a DE-2619  |c DE-627  |d DE-2619 
LOK |0 092   |o n 
LOK |0 852   |a DE-2619 
LOK |0 852 1  |9 00 
LOK |0 935   |a nacp 
LOK |0 939   |a 17-12-24  |b l01 
ORI |a SA-MARC-krimdoka001.raw